LEADER 00944nam a2200229 4500 001 000000356160 003 CaOOAMICUS 005 20231121140839.0 008 231121s1845 it 000 u ita r 040 $aSeMil$bita 100 1 $aLongo, Agatino.$0(OLS)http://semarc/name/79520 245 10$aOsservazioni a Lecoq / $cdel cav. Agatino Longo. 264 1$aCatania :$bstamperia di Giuseppe Musumeci papale,$c1845. 300 $a95 p. ;$c22 cm 650 4$aFisica.$0(OLS)http://semarc/subject/6493 850 $aSeMil 852 $aSeMil$W1$xVenegono$y1$m5B IV 7/7$j244569$B247320$CSeMilBibl$Z2$F247320 $8I 961 $aRecupero da Biblioteca Seminario liceale - Monza 961 $aEtichetta della Biblioteca del Seminario liceale di Monza 996 $6245$aOsservazioni a Lecoq / $9(OLS)http://semarc/title/446408 996 $6264$aCatania :$bstamperia di Giuseppe Musumeci papale$9(OLS)http://semarc/publisher/61389 LEADER 01479nam a2200289 i 4500 001 000000056847 003 CaOOAMICUS 005 20260226094500.0 008 101209s1953 xx u000 u fre u 013 $a28019 040 $aSeMil$bita 245 12$aL'ordinaire de la Messe /$cTexte Critique, Traduction et Études par Bernard Botte , O. S. B et Christine Mohrmann. 260 $aLouvain :$bAbbaye du Mont César,$c1953. 260 $aParis :$bLes Éditions du Cerf,$c1953. 300 $a149 p. ;$c26 cm. 490 0 $aÉtudes liturgiques : publiés sous la direction du Centre de Pastorale Liturgique et de l'Abbaye du Mont César ;$v2 650 4$aMessale romano - Commenti e studi.$0(OLS)http://semarc/subject/290 700 1 $aMohrmann, Christine,$d<1903-1988>.$0(OLS)http://semarc/name/89873 700 1 $aBotte, Bernard,$c.$0(OLS)http://semarc/name/3926 830 0$aÉtudes liturgiques : publiés sous la direction du Centre de Pastorale Liturgique et de l'Abbaye du Mont César ;$v2.$0(OLS)http://semarc/title/32298 850 $aSeMil 852 $aSeMil$W1$xVenegono$y1$m3K IV 41$j267713$B23001$CSeMilBibl$Z2$F23003 $81 961 $aOmaggio: Poma mons. Gianfranco 996 $6245$aL'ordinaire de la Messe$9(OLS)http://semarc/title/88428 996 $6260$aParis :$bLes Éditions du Cerf$9(OLS)http://semarc/publisher/29611 996 $6260$aLouvain :$bAbbaye du Mont César$9(OLS)http://semarc/publisher/30523